000 00775nam a2200289Ia 4500
001 9256
003 IT-RoPAU
008 130308s9999 xx 000 0 und d
040 _aIT-RoPAU
040 _cIT-RoPAU
041 _aITALIANO
100 _aPietrangeli Antonio
100 _gCodice Aut. SPICS: 2586
245 _aNon c'è rinnovamento se non c'è realismo
245 _bLungo Viaggio del Cinema Italiano (Il)
250 _a1a ed.
260 _aPADOVA
260 _bMarsilio
260 _c1965 [1° Ed.:1965 - Ed.Ling.Originale:1942]
300 _a"3 p. (prefazione: no ; testo: 3 [pagine: 447-449])"
650 _aSTORIA NAZIONALE DEL CINEMA
650 _eCodice materia Spics: 6809
942 _cBK
957 _71
999 _c54286
_d54286
999 _bSI
999 _g1